LEADER 02639nam 2200637 a 450 001 9910778306203321 005 20200520144314.0 010 $a1-84755-109-2 035 $a(CKB)1000000000791675 035 $a(EBL)1185623 035 $a(SSID)ssj0000379408 035 $a(PQKBManifestationID)11270022 035 $a(PQKBTitleCode)TC0000379408 035 $a(PQKBWorkID)10365535 035 $a(PQKB)11314623 035 $a(MiAaPQ)EBC1185623 035 $a(Au-PeEL)EBL1185623 035 $a(CaPaEBR)ebr10621212 035 $a(CaONFJC)MIL871883 035 $a(OCoLC)843641402 035 $a(PPN)198477430 035 $a(EXLCZ)991000000000791675 100 $a20030909d2003 uy 0 101 0 $aeng 135 $aurcn||||||||| 181 $ctxt 182 $cc 183 $acr 200 10$aHyphenated techniques in speciation analysis$b[electronic resource] /$fJoanna Szpunar, Ryszard ??obi{acute}nski 210 $aCambridge $cRoyal Society of Chemistry$dc2003 215 $a1 online resource (238 p.) 225 0$aRSC chromatography monographs 300 $aDescription based upon print version of record. 311 $a0-85404-545-7 320 $aIncludes bibliographical references and index. 327 $apt. I. Principles and fundamentals -- pt. II. Applications. 330 $aSpeciation analysis is a field of trace element analytical chemistry that deals with detection, identification and determination of individual chemical forms of metals and metalloids. There has been increased awareness of the importance of elemental speciation over the last 20 years and this has lead to growing demand for analytical techniques capable of providing species-specific information. Hyphenated Techniques in Speciation Analysis offers a brief but comprehensive overview of hyphenated techniques and their various applications for the determination of chemical forms of trace elements. I 410 0$aRSC Chromatography Monographs 606 $aSpeciation (Chemistry)$xTechnique 606 $aMetals$xSpeciation 606 $aTrace elements$xSpeciation 606 $aChromatographic analysis 615 0$aSpeciation (Chemistry)$xTechnique. 615 0$aMetals$xSpeciation. 615 0$aTrace elements$xSpeciation. 615 0$aChromatographic analysis. 676 $a544.92 700 $aSzpunar$b Joanna$01563923 701 $a??obi{acute}nski$b Ryszard$01563924 801 0$bMiAaPQ 801 1$bMiAaPQ 801 2$bMiAaPQ 906 $aBOOK 912 $a9910778306203321 996 $aHyphenated techniques in speciation analysis$93832695 997 $aUNINA LEADER 04460oam 2200913 c 450 001 9910404114903321 005 20260302090207.0 010 $a9783839451632 010 $a3839451639 024 7 $a10.14361/9783839451632 035 $a(CKB)4100000011249105 035 $a(DE-B1597)544769 035 $a(DE-B1597)9783839451632 035 $a(OCoLC)1158129033 035 $a(MiAaPQ)EBC6757205 035 $a(Au-PeEL)EBL6757205 035 $a(transcript Verlag)9783839451632 035 $a(MiAaPQ)EBC6956162 035 $a(Au-PeEL)EBL6956162 035 $a(oapen)https://directory.doabooks.org/handle/20.500.12854/38078 035 $a(MiAaPQ)EBC30453082 035 $a(Au-PeEL)EBL30453082 035 $a(Perlego)1564449 035 $a(oapen)doab38078 035 $a(EXLCZ)994100000011249105 100 $a20260302d2020 uy 0 101 0 $aeng 135 $aur||||||||||| 181 $ctxt$2rdacontent 182 $cc$2rdamedia 183 $acr$2rdacarrier 200 10$aStrange Blood$eThe Rise and Fall of Lamb Blood Transfusion in 19th Century Medicine and Beyond$fBoel Berner 205 $a1st ed. 210 $aBielefeld$ctranscript Verlag$d2020 215 $a1 online resource (216 p.) 225 0 $aMedical Humanities 311 08$a9783837651638 311 08$a3837651630 327 $aFrontmatter 1 Contents 5 Prologue 9 Introduction: 'The mighty influence of strange blood' 11 1. Using the blood of others 17 2. Ambitions and connections 31 3. Blood on the battlefield 45 4. Blood for the lungs 61 5. Asylum experiments 81 6. Proofs and refutations 105 7. Transgressions 127 8. Winding up 145 Epilogue: The return 159 Notes 167 Sources and Literature 183 Acknowledgements 203 Index of Places 205 Index of Names 209 330 $aIn the mid-1870s, the experimental therapy of lamb blood transfusion spread like an epidemic across Europe and the USA. Doctors tried it as a cure for tuberculosis, pellagra and anemia; proposed it as a means to reanimate seemingly dead soldiers on the battlefield. It was a contested therapy because it meant crossing boundaries and challenging taboos. Was the transfusion of lamb blood into desperately sick humans really defensible?The book takes the reader on a journey into hospital wards and lunatic asylums, physiological laboratories and 19th century wars. It presents a fascinating story of medical knowledge, ambitions and concerns ? a story that provides lessons for current debates on the morality of medical experimentation and care. 330 1 $a»Insgesamt hat die schwedische Medizinhistorikerin eine interessante und lesenswerte Studie vorgelegt, der [...] das Verdienst gebührt, ein ansonsten nur randständig wahrgenommenes Thema quellen- und facettenreich auszuleuchten.« 330 1 $aBesprochen in:https://lithub.com, 12.10.2020https://www.books-readers.com, 10 (2020)Zeitsprung, 08.07.2020 Journal of Medical Humanities, 43 (2022), Ericka Johnson 330 1 $a»All in all, the Swedish medical historian has presented an interesting and readable study, which [...] deserves the merit of illuminating a topic that is otherwise only marginally perceived, rich in sources and facets.« 410 0$aMedical Humanities 517 2 $aBerner, Strange Blood$eThe Rise and Fall of Lamb Blood Transfusion in 19th Century Medicine and Beyond 606 $aBlood Transfusion 606 $a19th Century 606 $aLamb Blood 606 $aClinical Practice 606 $aMedical History 606 $aMedicine 606 $aHuman 606 $aAnimal 606 $aHistory of Medicine 606 $aHuman-Animal Studies 606 $aHistory of Science 606 $aCultural History 606 $aHistory 615 4$aBlood Transfusion 615 4$a19th Century 615 4$aLamb Blood 615 4$aClinical Practice 615 4$aMedical History 615 4$aMedicine 615 4$aHuman 615 4$aAnimal 615 4$aHistory of Medicine 615 4$aHuman-Animal Studies 615 4$aHistory of Science 615 4$aCultural History 615 4$aHistory 676 $a615.3/9 700 $aBerner$b Boel$p

Boel Berner, Linköping University, Schweden

$4aut$01887445 801 0$bDE-B1597 801 1$bDE-B1597 906 $aBOOK 912 $a9910404114903321 996 $aStrange Blood$94524194 997 $aUNINA